LEADER 01157nam0 22002771i 450 001 UON00392208 005 20231205104617.733 010 $a978-88-15-13315-1 100 $a20110504d2009 |0itac50 ba 101 $aita 102 $aIT 105 $a|||| ||||| 200 1 $aAffari di famiglia$ela parentela nella letteratura e nella cultura antica$fMaurizio Bettini. - Bologna$eIl mulino, 2009 210 $a381 p.$a22 cm 410 1$1001UON00480658$12001 $aSaggi$1210 $aBologna$cIl Mulino 606 $aParentela$xAspetti culturali$xRoma antica$3UONC078326$2FI 620 $aIT$dBologna$3UONL000085 676 $a306.87$cRelazioni all'interno della famiglia$v22 700 1$aBETTINI$bMaurizio$3UONV057217$0144443 712 $aIl Mulino$3UONV245824$4650 801 $aIT$bSOL$c20260306$gRICA 899 $aSIBA - SISTEMA BIBLIOTECARIO DI ATENEO E ARCHIVIO STORICO$2UONSI 912 $aUON00392208 950 $aSIBA - SISTEMA BIBLIOTECARIO DI ATENEO E ARCHIVIO STORICO$dSI R 0178 $eSI MC 33770 5 996 $aAffari di famiglia$9224685 997 $aUNIOR